El patito feo (Registro nro. 39190)
[ vista simple ]
| 000 -CABECERA | |
|---|---|
| Longitud fija campo de control | 00605nam a2200205Ii 4500 |
| 003 - IDENTIFICADOR DEL NUMERO DE CONTROL | |
| Identificador del número de control | CO-ViMGA |
| 008 - CODIGOS DE INFORMACION DE LONGITUD FIJA | |
| Códigos de información de longitud fija | 241108s9999||||xx |||||||||||||| ||und|| |
| 040 ## - FUENTE DE LA CATALOGACION | |
| Centro catalogador de origen | CO-ViMGA |
| Lengua de catalogación | spa |
| Normas de descripción | rda |
| Centro transcriptor | CO-ViMGA |
| 041 0# - CODIGO DE LENGUA | |
| Código de lengua del texto/banda sonora o título independiente | spa |
| 084 ## - Clasificación Local Alfanúmerica PNLB | |
| Número de clasificación | C AND2pa |
| 100 1# - PUNTO DE ACCESO PRINCIPAL-NOMBRE DE PERSONA | |
| Nombre de persona | Andersen, Hans Christian, |
| Fechas asociadas al nombre | 1805-1875 |
| 245 10 - TITULO PROPIAMENTE DICHO | |
| Título | El patito feo |
| 264 #1 - PRODUCCION, PUBLICACION , DISTRIBUCION, FABRICACION Y COPYRIGHT | |
| Lugar de producción, publicación, distribución, fabricación | Bogotá, Colombia : Instituto Nacional para Ciegos, 2019 |
| 300 ## - DESCRIPCION FISICA | |
| Extensión | volumen |
| 336 ## - TIPO DE CONTENIDO | |
| Término de tipo de contenido | text |
| Código de tipo de contenido | txt |
| Fuente | rdacontent |
| 337 ## - TIPO DE MEDIO | |
| Nombre del tipo de medio | unmediated |
| Código del tipo de medio | n |
| Fuente | rdamedia |
| 338 ## - TIPO DE SOPORTE | |
| Nombre del tipo de soporte | volume |
| Código del tipo de soporte | nc |
| Fuente | rdacarrier |
| 940 ## - | |
| T&íacute;tulo uniforme | <a href="idficha_siabuc: 22048. -- ficha_no_siabuc:23061">idficha_siabuc: 22048. -- ficha_no_siabuc:23061</a> |
| Perdido | Estado Físico | No para préstamo | Forma de adquisición | Localización permanente | Localización actual | Localización en estanterías | Fecha adquisición | Préstamos totales | Signatura completa | Código de barras | Fecha última consulta | Fecha último préstamo | Número de copia | Fecha del precio de reemplazo | Tipo de item de Koha | Note pública |
|---|---|---|---|---|---|---|---|---|---|---|---|---|---|---|---|---|
| Colección Instituto Nacional para Ciegos | Biblioteca Pública Departamental Eduardo Carranza - Villavicencio | Biblioteca Pública Departamental Eduardo Carranza - Villavicencio | Colecciones para condiciones de discapacidad | 02/14/2023 | 1 | C AND2pa | ECA28447 | 09/17/2025 | 09/03/2025 | Ej.2 | 11/25/2024 | LIbro | 22048 | 27412 | |||
| Colección Instituto Nacional para Ciegos | Biblioteca Pública Departamental Eduardo Carranza - Villavicencio | Biblioteca Pública Departamental Eduardo Carranza - Villavicencio | Colecciones para condiciones de discapacidad | 02/14/2023 | C AND2pa | ECA28446 | 11/25/2024 | Ej.1 | 11/25/2024 | LIbro | 22048 | 27411 |